[Event "Open Olimpico A Maggio"]
[Site "Torino ITA"]
[Date "2006.05.23"]
[Round "2"]
[White "Bolt, Graham"]
[Black "Valenti, Giuseppe"]
[Result "1/2-1/2"]
[WhiteElo "2098"]
[BlackElo "2271"]
[PlyCount "52"]
[EventDate "2006.05.22"]

1. e4 c5 2. Nf3 e6 3. d4 cxd4 4. Nxd4 a6 5. c4 Nf6 6. Nc3 Qc7 7. Bd3 Be7 8. Qe2
d6 9. O-O Nbd7 10. Kh1 Ne5 11. f4 Nxd3 12. Qxd3 O-O 13. b3 b6 14. Bb2 Bb7 15.
f5 Bc8 16. Qg3 e5 17. Nde2 Bb7 18. Qd3 Rac8 19. Rac1 Qb8 20. Qe3 b5 21. Nd5
Nxd5 22. cxd5 Rxc1 23. Rxc1 Rc8 24. Rxc8+ Qxc8 25. Qc3 Qxc3 26. a3 b4 1/2-1/2

[Event "Open Olimpico A Maggio"]
[Site "Torino ITA"]
[Date "2006.05.23"]
[Round "2"]
[White "Chiarotto, Filippo"]
[Black "Machin Arbelo, Pedro Alexis"]
[Result "1/2-1/2"]
[WhiteElo "1880"]
[BlackElo "2115"]
[PlyCount "87"]
[EventDate "2006.05.22"]

1. e4 e6 2. Qe2 b6 3. g3 Bb7 4. Bg2 Nf6 5. d3 d5 6. e5 Nfd7 7. Nf3 c5 8. O-O
Qc7 9. Bf4 Be7 10. h4 h6 11. Na3 a6 12. c4 d4 13. Nb1 g5 14. hxg5 hxg5 15. Nxg5
Bxg5 16. Bxg5 Bxg2 17. Kxg2 Qxe5 18. Qxe5 Nxe5 19. Bf6 Rh5 20. Bxe5 Rxe5 21. f4
Re3 22. Rf3 Nc6 23. Rxe3 dxe3 24. Nc3 Rd8 25. Rd1 Nb4 26. Kf3 Nxd3 27. b3 Nb4
28. Rxd8+ Kxd8 29. Kxe3 f5 30. Kf3 Nc2 31. g4 Nd4+ 32. Kg3 fxg4 33. Kxg4 Kd7
34. Ne4 Kc6 35. Kg5 b5 36. Kf6 Ne2 37. Ke5 Nd4 38. cxb5+ axb5 39. b4 Nf3+ 40.
Kxe6 Nd4+ 41. Ke5 Nf3+ 42. Ke6 Nd4+ 43. Ke5 Nf3+ 44. Ke6 1/2-1/2

[Event "Open Olimpico A Maggio"]
[Site "Torino ITA"]
[Date "2006.05.23"]
[Round "2"]
[White "Gallucci, Alessio"]
[Black "Fossati, Remigio"]
[Result "0-1"]
[WhiteElo "1787"]
[BlackElo "2181"]
[PlyCount "70"]
[EventDate "2006.05.22"]

1. e4 c5 2. Nc3 e6 3. Bc4 Nc6 4. f4 d6 5. Nf3 Nf6 6. O-O Be7 7. d3 O-O 8. Be3
d5 9. Bb5 d4 10. Bxc6 bxc6 11. Bd2 dxc3 12. Bxc3 c4 13. Ne5 cxd3 14. cxd3 Nd7
15. Ng4 f5 16. Nf2 Qc7 17. Qf3 e5 18. Rae1 exf4 19. e5 Nc5 20. Nh3 Ne6 21. d4
Ba6 22. Rf2 Bc4 23. Nxf4 Nxf4 24. Qxf4 Bxa2 25. Qe3 Be6 26. Ra1 Qd7 27. Rd2 Bd5
28. Rf2 Qe6 29. Qd3 Be4 30. Qa6 Rfd8 31. Re2 Bd5 32. Rd2 c5 33. Qa5 Bg5 34.
Rdd1 Be3+ 35. Kh1 cxd4 0-1

[Event "Open Olimpico A Maggio"]
[Site "Torino ITA"]
[Date "2006.05.23"]
[Round "2"]
[White "Hofstetter, Hans Joachim"]
[Black "Sorcinelli, Francesco"]
[Result "1/2-1/2"]
[WhiteElo "2222"]
[BlackElo "2115"]
[PlyCount "35"]
[EventDate "2006.05.22"]

1. d4 Nf6 2. Nf3 g6 3. c4 c5 4. Nc3 Bg7 5. e4 cxd4 6. Nxd4 O-O 7. Be2 Nc6 8.
Be3 d6 9. O-O Nxd4 10. Bxd4 Be6 11. Rc1 Qa5 12. b3 Rfc8 13. Rc2 a6 14. a4 Rab8
15. Ba7 Ra8 16. Bd4 Rab8 17. Ba7 Ra8 18. Bd4 1/2-1/2

[Event "Open Olimpico A Maggio"]
[Site "Torino ITA"]
[Date "2006.05.23"]
[Round "2"]
[White "Iudicello, Massimo"]
[Black "Piantoni, Pierino"]
[Result "1/2-1/2"]
[WhiteElo "2141"]
[BlackElo "1983"]
[PlyCount "96"]
[EventDate "2006.05.22"]

1. e4 c6 2. Nc3 d6 3. Nf3 Nf6 4. g3 g6 5. Bg2 Bg7 6. O-O O-O 7. h3 b5 8. a3 Qc7
9. d4 Nfd7 10. Bg5 f6 11. Be3 a6 12. Nh4 Nb6 13. b3 Ra7 14. Qd2 e5 15. dxe5
fxe5 16. Rad1 Rd8 17. Bg5 Rd7 18. Bf3 Rf7 19. Bg2 Bf8 20. Be3 Qd8 21. f4 exf4
22. Bxf4 Be6 23. Nf3 Nc8 24. Ng5 Rfe7 25. Bxd6 Nxd6 26. Qxd6 Rad7 27. Nxe6 Qb6+
28. Qc5 Qxc5+ 29. Nxc5 Rxd1 30. Rxd1 Re5 31. Nd3 Rg5 32. Kh2 Nd7 33. Nf4 Rc5
34. Rxd7 Rxc3 35. Rd2 Bxa3 36. h4 a5 37. Bh3 a4 38. bxa4 bxa4 39. Be6+ Kg7 40.
e5 Bc5 41. Nd3 Bd4 42. Re2 Kf8 43. Nc1 Ke7 44. Bg8 h6 45. Kg2 Kf8 46. Ba2 Ke7
47. e6 c5 48. Rd2 Be3 1/2-1/2

[Event "Open Olimpico A Maggio"]
[Site "Torino ITA"]
[Date "2006.05.23"]
[Round "2"]
[White "Leoni, Alessandro"]
[Black "Manfredi, Vincenzo"]
[Result "0-1"]
[WhiteElo "1835"]
[BlackElo "2132"]
[PlyCount "140"]
[EventDate "2006.05.22"]

1. e4 c5 2. Nf3 Nc6 3. d4 cxd4 4. Nxd4 Qc7 5. Nc3 e6 6. g3 a6 7. Bg2 d6 8. O-O
Be7 9. Be3 Nf6 10. Qe2 O-O 11. f4 Re8 12. Rad1 Bd7 13. Qf2 Ng4 14. Qe2 Nxe3 15.
Qxe3 Nxd4 16. Qxd4 Rad8 17. Kh1 Bc6 18. Qd2 b5 19. a3 a5 20. Ne2 Qb7 21. Qxa5
Bxe4 22. Rf2 Ra8 23. Qd2 Bxg2+ 24. Rxg2 d5 25. c3 Ra4 26. Nd4 Bc5 27. Qe2 Bxd4
28. Rxd4 Rxd4 29. cxd4 Rc8 30. Qd3 Qc6 31. Rd2 g6 32. Kg2 Qc1 33. Re2 Rc4 34.
Qd2 Qb1 35. Qe3 Rc1 36. Qf2 Qd3 37. Rd2 Qe4+ 38. Kh3 h5 39. Re2 Qf5+ 40. Kg2 h4
41. h3 hxg3 42. Qxg3 Rd1 43. Qg4 Qb1 44. Qf3 Rxd4 45. Qf2 Qd3 46. Re3 Qd2 47.
Rf3 Qd1 48. Qf1 Qc2+ 49. Rf2 Qe4+ 50. Kh2 Qe3 51. Kg2 Rd3 52. Rf3 Rd2+ 53. Kg3
Qd4 54. b3 Kg7 55. Qxb5 Qg1+ 56. Kh4 Qe1+ 57. Rg3 g5+ 58. Kg4 Rd4 59. Qb8 Rxf4+
60. Kh5 Qxg3 61. Qe5+ Kh7 62. Qxg5 Qxg5+ 63. Kxg5 Rf3 64. h4 Rxb3 65. Kh5 Rxa3
66. Kg5 d4 67. Kf4 Re3 68. h5 e5+ 69. Kf5 d3 70. h6 d2 0-1

[Event "Open Olimpico A Maggio"]
[Site "Torino ITA"]
[Date "2006.05.23"]
[Round "2"]
[White "Messina, Marco"]
[Black "Zangrando, Gianpietro"]
[Result "1-0"]
[WhiteElo "2034"]
[BlackElo "1939"]
[PlyCount "115"]
[EventDate "2006.05.22"]

1. e4 e6 2. Qe2 b6 3. Nf3 Ba6 4. d3 Nc6 5. g3 Bb4+ 6. Bd2 Qf6 7. Nc3 Bc5 8. Bg2
Nd4 9. Nxd4 Bxd4 10. e5 Bxe5 11. Bxa8 c6 12. f4 Bc7 13. Ne4 Qe7 14. Bc3 f6 15.
Qh5+ Kd8 16. O-O Qe8 17. Qxe8+ Kxe8 18. Rfe1 Kf7 19. Bb4 Nh6 20. Bxc6 dxc6 21.
Bd6 Bxd6 22. Nxd6+ Ke7 23. Nc4 Rd8 24. Re4 Bc8 25. a4 c5 26. h3 Nf5 27. Kf2 Bb7
28. Ree1 Nd4 29. Ne3 Nf3 30. Red1 h5 31. c3 g5 32. b4 gxf4 33. gxf4 cxb4 34.
cxb4 Rd4 35. Rac1 Kd8 36. Rc4 Rd7 37. d4 Ke7 38. f5 Ng5 39. fxe6 Kxe6 40. d5+
Kd6 41. h4 Nf7 42. Rf4 Ke7 43. Rf5 Nd6 44. Rxh5 Ne4+ 45. Kg2 Nc3 46. Rh7+ Kd8
47. Rxd7+ Kxd7 48. Rd4 Kd6 49. h5 Ke5 50. Rh4 Nxd5 51. Nxd5 Bxd5+ 52. Kf2 Bg8
53. h6 Bh7 54. Rc4 Kf5 55. Rc7 Kg6 56. Rxa7 Kxh6 57. Rxh7+ Kxh7 58. a5 1-0

[Event "Open Olimpico A Maggio"]
[Site "Torino ITA"]
[Date "2006.05.23"]
[Round "2"]
[White "Palmisano, Giuseppe"]
[Black "Boi, Fausto"]
[Result "1-0"]
[WhiteElo "1951"]
[BlackElo "1604"]
[PlyCount "41"]
[EventDate "2006.05.22"]

1. d4 d6 2. c4 g6 3. Nc3 Nf6 4. e4 Bg7 5. f3 Nc6 6. Be3 b6 7. Bd3 e5 8. d5 Ne7
9. Nge2 O-O 10. Qd2 Re8 11. Bh6 Bh8 12. h4 Rb8 13. g4 Nd7 14. b4 a5 15. b5 Nc5
16. Bc2 Bd7 17. h5 Nc8 18. O-O-O Ra8 19. a4 Qf6 20. Rdf1 Ne7 21. g5 1-0

[Event "Open Olimpico A Maggio"]
[Site "Torino ITA"]
[Date "2006.05.23"]
[Round "2"]
[White "Rodriguez Alvarez, Alan"]
[Black "De Coverly, Roger D."]
[Result "1/2-1/2"]
[WhiteElo "2178"]
[BlackElo "2083"]
[PlyCount "87"]
[EventDate "2006.05.22"]

1. e4 e5 2. Nf3 Nc6 3. Bb5 a6 4. Ba4 Nf6 5. O-O Be7 6. Re1 b5 7. Bb3 O-O 8. h3
d6 9. a3 Na5 10. Ba2 Be6 11. d3 Bxa2 12. Rxa2 c5 13. Nbd2 Re8 14. Nf1 Bf8 15.
Bg5 h6 16. Bh4 Be7 17. Ne3 Nh7 18. Bxe7 Qxe7 19. Ra1 Nc6 20. c3 Qd8 21. Nh2 Ne7
22. Nhg4 Kh8 23. a4 Rf8 24. Qb3 Rb8 25. axb5 axb5 26. Ra7 Ng5 27. Nd5 Nxd5 28.
Qxd5 Ne6 29. g3 b4 30. Rea1 h5 31. Ne3 bxc3 32. bxc3 h4 33. Nc4 Qg5 34. Kh2
hxg3+ 35. fxg3 Qh5 36. R7a2 Ng5 37. h4 Nf3+ 38. Kg2 f5 39. Rf1 Nxh4+ 40. gxh4
Qg4+ 41. Kh1 Qh3+ 42. Kg1 fxe4 43. Rxf8+ Rxf8 44. Ra8 {...} 1/2-1/2

[Event "Open Olimpico A Maggio"]
[Site "Torino ITA"]
[Date "2006.05.23"]
[Round "2"]
[White "Simonenko, Sergey"]
[Black "Saccona, Silvano"]
[Result "1-0"]
[WhiteElo "2409"]
[BlackElo "2162"]
[PlyCount "91"]
[EventDate "2006.05.22"]

1. Nf3 d5 2. d4 c6 3. c4 Nf6 4. Qc2 e6 5. g3 Nbd7 6. Bg2 Be7 7. O-O Ne4 8. Nfd2
Nd6 9. e4 dxe4 10. Nxe4 Nxe4 11. Qxe4 Nf6 12. Qe3 O-O 13. Nc3 Re8 14. Rd1 Qa5
15. Bd2 Qc7 16. Rac1 Bf8 17. h3 Bd7 18. Qf3 Qb6 19. Bg5 Be7 20. c5 Qd8 21. b4
Nd5 22. Bxe7 Qxe7 23. Ne4 Reb8 24. a3 Qd8 25. Nd6 Qf8 26. Qe2 b5 27. Re1 a5 28.
Bxd5 exd5 29. Kg2 Ra7 30. Rc3 Qd8 31. Re3 Be6 32. f4 g6 33. g4 axb4 34. f5 Bd7
35. fxg6 hxg6 36. Nxf7 Qh4 37. Ne5 Kg7 38. Nf3 Qf6 39. Re7+ Kg8 40. Qe5 Qxe5
41. Nxe5 bxa3 42. Nxd7 Rbb7 43. Re8+ Kh7 44. R1e7+ Kh6 45. Rh8+ Kg5 46. Re5+
1-0

[Event "Open Olimpico A Maggio"]
[Site "Torino ITA"]
[Date "2006.05.23"]
[Round "2"]
[White "Spatola, Davide"]
[Black "D'Amico, Antonino"]
[Result "1/2-1/2"]
[WhiteElo "2116"]
[BlackElo "1901"]
[PlyCount "94"]
[EventDate "2006.05.22"]

1. d4 Nf6 2. Bg5 e6 3. e4 Be7 4. Bxf6 Bxf6 5. e5 Be7 6. Bd3 d6 7. Nf3 c5 8.
dxc5 Qa5+ 9. Nc3 dxe5 10. Nxe5 Qxc5 11. Nc4 O-O 12. O-O Nd7 13. Ne4 Qc7 14. Re1
Nc5 15. Nxc5 Bxc5 16. Re5 Be7 17. Qf3 f5 18. Rae1 Bf6 19. R5e2 Rb8 20. c3 b5
21. Na3 a6 22. Nc2 g6 23. Qe3 e5 24. Nb4 Bb7 25. Bc2 Rbd8 26. Nd3 Rfe8 27. Nc5
f4 28. Bb3+ Bd5 29. Bxd5+ Rxd5 30. Nxa6 Qc4 31. Qe4 Qxe4 32. Rxe4 Rd2 33. Rb4
Ra8 34. Nc7 Rxa2 35. Rb1 e4 36. Nxb5 e3 37. fxe3 fxe3 38. Kf1 Rf2+ 39. Kg1 Rd2
40. Nd4 e2 41. Re1 Raxb2 42. Rxb2 Bxd4+ 43. cxd4 Rxb2 44. Kf2 Rd2 45. Ke3 Rd1
46. Rxe2 Kf7 47. Rd2 Re1+ 1/2-1/2

[Event "Open Olimpico A Maggio"]
[Site "Torino ITA"]
[Date "2006.05.23"]
[Round "2"]
[White "Vehi Bach, Victor Manuel"]
[Black "Sellitti, Federico"]
[Result "1-0"]
[WhiteElo "2335"]
[BlackElo "2124"]
[PlyCount "111"]
[EventDate "2006.05.22"]

1. e4 c5 2. Nf3 d6 3. d4 cxd4 4. Nxd4 Nf6 5. Nc3 a6 6. Be3 Ng4 7. Bg5 h6 8. Bh4
g5 9. Bg3 Bg7 10. h3 Ne5 11. Nf5 Bxf5 12. exf5 Nbd7 13. Nd5 Nf6 14. c3 Qa5 15.
Ne3 Ne4 16. Bxe5 Qxe5 17. Bd3 Nxc3 18. bxc3 Qxc3+ 19. Ke2 Qb2+ 20. Kf3 b5 21.
Qc1 O-O 22. Qxb2 Bxb2 23. Rab1 Bd4 24. h4 Bf6 25. Nd5 Kg7 26. Nxf6 Kxf6 27.
hxg5+ hxg5 28. Rh6+ Ke5 29. Re1+ Kd4 30. Be4 Rab8 31. Rd1+ Kc3 32. f6 exf6 33.
Rxf6 a5 34. Rfxd6 f5 35. Rc6+ Kb2 36. Rd2+ Ka3 37. Rc3+ Kb4 38. Rb3+ Kc5 39.
Rd5+ Kc4 40. Rxf5 a4 41. Rb1 b4 42. Ke3 Rxf5 43. Bxf5 Re8+ 44. Kd2 Rd8+ 45. Kc2
Rd6 46. Bg4 Rc6 47. Be2+ Kd4+ 48. Kd2 Rb6 49. Bd1 a3 50. Bb3 Rf6 51. Ke2 Rf8
52. Rc1 Re8+ 53. Kd2 Rh8 54. Rc4+ Ke5 55. Rxb4 Rh2 56. Rg4 1-0

[Event "Open Olimpico A Maggio"]
[Site "Torino ITA"]
[Date "2006.05.24"]
[Round "3"]
[White "Banchio, Davide"]
[Black "Spatola, Davide"]
[Result "1-0"]
[WhiteElo "1931"]
[BlackElo "2116"]
[PlyCount "73"]
[EventDate "2006.05.22"]

1. e4 d6 2. d4 Nf6 3. Nc3 g6 4. Nf3 Bg7 5. h3 c6 6. a4 a5 7. Be3 Qc7 8. Qd2 O-O
9. Be2 Na6 10. O-O Nb4 11. Rad1 e5 12. dxe5 dxe5 13. Bc5 Re8 14. Bd6 Qb6 15.
Bxe5 Be6 16. Bxf6 Bxf6 17. e5 Rad8 18. Qc1 Be7 19. Ne4 Kg7 20. Nfg5 Bf5 21. c3
Na6 22. Bc4 Rf8 23. Nf6 Qc5 24. Qf4 Nc7 25. Nfxh7 Rxd1 26. Rxd1 Rh8 27. g4 Rxh7
28. Nxh7 Ne6 29. Bxe6 Bxe6 30. Nf6 b5 31. axb5 Qxb5 32. g5 Qe2 33. Ra1 Qxb2 34.
Rxa5 Qxc3 35. Ra8 Bf8 36. Qh4 Qe1+ 37. Kg2 1-0

[Event "Open Olimpico A Maggio"]
[Site "Torino ITA"]
[Date "2006.05.24"]
[Round "3"]
[White "Coqueraut, Lodewyk"]
[Black "Sgaravatti, Francesco"]
[Result "0-1"]
[WhiteElo "1966"]
[BlackElo "2124"]
[PlyCount "70"]
[EventDate "2006.05.22"]

1. d4 f5 2. g3 Nf6 3. Bg2 d6 4. Nh3 c6 5. c3 g6 6. Qb3 e5 7. O-O Bg7 8. dxe5
dxe5 9. Nd2 Na6 10. Ng5 Qe7 11. Ndf3 e4 12. Nd4 Nc5 13. Qc2 Nd5 14. h4 e3 15.
Bxd5 exf2+ 16. Rxf2 cxd5 17. Bf4 h6 18. Ngf3 Ne4 19. Rg2 g5 20. hxg5 hxg5 21.
Bd2 Bf6 22. Qd3 Bd7 23. Be3 O-O-O 24. Bf2 Rh3 25. b4 Rdh8 26. Kf1 f4 27. Ng1
Rh1 28. Nb5 Bxb5 29. Qxb5 f3 30. Bxa7 fxg2+ 31. Kxg2 R8h2+ 32. Kf1 Nxg3+ 33.
Ke1 Nxe2 34. Qc5+ Qxc5 35. Bxc5 Nxg1 0-1

[Event "Open Olimpico A Maggio"]
[Site "Torino ITA"]
[Date "2006.05.24"]
[Round "3"]
[White "Danieli, Enrico"]
[Black "Palmisano, Giuseppe"]
[Result "1/2-1/2"]
[WhiteElo "2143"]
[BlackElo "1951"]
[PlyCount "79"]
[EventDate "2006.05.22"]

1. d4 Nf6 2. Nf3 d5 3. c4 e6 4. Nc3 c6 5. cxd5 exd5 6. Bg5 Bf5 7. Qb3 Qb6 8.
Bxf6 Qxb3 9. axb3 gxf6 10. Rc1 Bb4 11. e3 a5 12. Be2 a4 13. bxa4 Rxa4 14. O-O
Bxc3 15. Rxc3 Rb4 16. b3 Kd8 17. Ra1 Kc7 18. Ra8 Rd8 19. Ra5 Kb6 20. Ra8 Kc7
21. Nh4 Bg6 22. g3 Nd7 23. Ra7 Nb6 24. Ng2 Ra8 25. Rxa8 Nxa8 26. Nf4 Kd6 27.
Nd3 Bxd3 28. Bxd3 h6 29. Kf1 Nc7 30. Ke2 Nb5 31. Bxb5 Rxb5 32. h4 f5 33. Kd2
Ra5 34. Rc2 Ra3 35. Rb2 Kc7 36. Kc3 Kb6 37. Kb4 Ra1 38. Rc2 Ra5 39. Rb2 Ra1 40.
Re2 1/2-1/2

[Event "Open Olimpico A Maggio"]
[Site "Torino ITA"]
[Date "2006.05.24"]
[Round "3"]
[White "De Coverly, Roger D."]
[Black "Hofstetter, Hans Joachim"]
[Result "0-1"]
[WhiteElo "2083"]
[BlackElo "2222"]
[PlyCount "120"]
[EventDate "2006.05.22"]

1. Nf3 Nf6 2. c4 e6 3. g3 d5 4. Bg2 dxc4 5. Qa4+ Nbd7 6. Qxc4 c5 7. O-O a6 8.
Qc2 b5 9. a4 Bb7 10. axb5 axb5 11. Rxa8 Qxa8 12. Qb3 b4 13. d3 Be7 14. Nbd2 O-O
15. Nc4 Qa6 16. Nfe5 Bxg2 17. Kxg2 Ra8 18. Kg1 Qa4 19. Qxa4 Rxa4 20. e4 Nb8 21.
b3 Ra2 22. Bb2 Ne8 23. Ra1 Rxa1+ 24. Bxa1 Nc7 25. Kf1 Nb5 26. Bb2 f6 27. Nf3
Nc6 28. Ke1 Kf7 29. Ng1 Bd8 30. Ne2 Bc7 31. Kd2 h5 32. Ke3 e5 33. Kd2 g6 34.
Ne3 Ne7 35. h3 f5 36. f4 exf4 37. gxf4 Ke6 38. Nc4 Nc6 39. Ke3 h4 40. Ng1 Nbd4
41. Bxd4 Nxd4 42. Nd2 Bd8 43. Ngf3 Nc2+ 44. Ke2 Bf6 45. e5 Be7 46. Nc4 Na1 47.
Nfd2 Nc2 48. Nf3 Na3 49. Nb2 Nb5 50. Ke3 Nc3 51. d4 Nd5+ 52. Kd3 Nxf4+ 53. Kc4
cxd4 54. Nxd4+ Kxe5 55. Nc6+ Ke6 56. Nxe7 Kxe7 57. Kxb4 Nxh3 58. Nd3 g5 59. Kc5
Nf4 60. Ne1 h3 0-1

[Event "Open Olimpico A Maggio"]
[Site "Torino ITA"]
[Date "2006.05.24"]
[Round "3"]
[White "Frigieri, Fabrizio"]
[Black "Gallucci, Alessio"]
[Result "1-0"]
[WhiteElo "2080"]
[BlackElo "1787"]
[PlyCount "104"]
[EventDate "2006.05.22"]

1. e4 c5 2. Nf3 Nc6 3. d4 cxd4 4. Nxd4 Nf6 5. Nc3 e5 6. Ndb5 d6 7. Nd5 Nxd5 8.
exd5 Ne7 9. c4 Ng6 10. Be3 Be7 11. Qd2 a6 12. Nc3 O-O 13. Bd3 f5 14. f3 Bh4+
15. g3 Be7 16. Bf2 e4 17. Be2 exf3 18. Bxf3 Bg5 19. Qd1 f4 20. O-O Bh3 21. Re1
Ne5 22. Rxe5 dxe5 23. Bc5 Re8 24. Be4 g6 25. Qd3 Qc8 26. b4 Bf5 27. d6 Bxe4 28.
Qxe4 Qc6 29. Rd1 Bd8 30. a4 Rb8 31. Rd5 Bb6 32. Bxb6 Qxb6+ 33. c5 Qc6 34. b5
Qd7 35. Rxe5 fxg3 36. hxg3 Kf7 37. Nd5 Rxe5 38. Qxe5 Qe6 39. Qf4+ Kg7 40. Qd4+
Kf7 41. Nf4 Qb3 42. Kg2 axb5 43. Nd5 Qc2+ 44. Kh3 Qf5+ 45. g4 Qf3+ 46. Kh2 Re8
47. Nf4 Qb3 48. d7 Qc2+ 49. Kg3 Qb3+ 50. Kh4 g5+ 51. Kh5 Rd8 52. Kxg5 Qc4 1-0

[Event "Open Olimpico A Maggio"]
[Site "Torino ITA"]
[Date "2006.05.24"]
[Round "3"]
[White "Ilic, Ljubomir"]
[Black "Simonenko, Sergey"]
[Result "1-0"]
[WhiteElo "2220"]
[BlackElo "2409"]
[PlyCount "139"]
[EventDate "2006.05.22"]

1. e4 d5 2. exd5 Qxd5 3. Nc3 Qa5 4. Nf3 Nf6 5. d4 c6 6. g3 Bg4 7. h3 Bh5 8. Bg2
e6 9. Qe2 Bb4 10. Bd2 Nbd7 11. a3 O-O 12. O-O Be7 13. g4 Bg6 14. Ne5 Qb6 15.
Nxg6 hxg6 16. g5 Nh7 17. d5 e5 18. h4 Rad8 19. Kh1 Rfe8 20. dxc6 bxc6 21. b4
Ndf8 22. Be3 Qc7 23. Qc4 Ne6 24. Qxc6 Qb8 25. Qb5 Qc8 26. Nd5 Nd4 27. Bxd4 exd4
28. Qd3 Qg4 29. Qg3 Qf5 30. Qf3 Qxc2 31. Rac1 Qa4 32. Rc7 Rd7 33. Re1 Kf8 34.
Qe4 d3 35. Qxd3 Rxc7 36. Nxc7 Rd8 37. Qf3 Rb8 38. Qf4 Rb6 39. Nd5 Rb7 40. Nc3
Qd7 41. Bxb7 Qxb7+ 42. Qe4 Qd7 43. Kg2 Kg8 44. Rd1 Bd6 45. Rd3 Nf8 46. Qd4 Qf5
47. Qxd6 Ne6 48. Rf3 Qg4+ 49. Qg3 Qd4 50. Kh2 a6 51. Re3 Kh7 52. Ne2 Qa1 53.
Rxe6 fxe6 54. Qe3 e5 55. Ng3 Qa2 56. Kg2 Qd5+ 57. Qe4 Qd8 58. Qxe5 a5 59. bxa5
Qa8+ 60. f3 Qd8 61. a6 Qd2+ 62. Ne2 Qd3 63. a7 Qxa3 64. Qd4 Qa2 65. Kf2 Qa5 66.
h5 Qxg5 67. a8=Q Qxh5 68. Qb8 Qh1 69. Qc4 Qg2+ 70. Kxg2 1-0

[Event "Open Olimpico A Maggio"]
[Site "Torino ITA"]
[Date "2006.05.24"]
[Round "3"]
[White "Machin Arbelo, Pedro Alexis"]
[Black "Parodi, Alessandro"]
[Result "1-0"]
[WhiteElo "2115"]
[BlackElo "1928"]
[PlyCount "59"]
[EventDate "2006.05.22"]

1. e4 d6 2. d4 Nf6 3. Nc3 g6 4. Be2 Bg7 5. Be3 O-O 6. h4 h5 7. f3 c6 8. Nh3
Bxh3 9. Rxh3 e5 10. d5 c5 11. Qd2 Kh7 12. g4 Rh8 13. Bg5 Nbd7 14. gxh5 gxh5 15.
f4 Qf8 16. fxe5 Nxe5 17. O-O-O Nfg4 18. Rf1 f6 19. Nd1 Qc8 20. Bf4 Ng6 21. Bxg4
Qxg4 22. Rg3 Qxh4 23. Rfg1 Qxf4 24. Qxf4 Nxf4 25. Rxg7+ Kh6 26. Ne3 h4 27. Nf5+
Kh5 28. R1g4 Ng6 29. R7xg6 Rh6 30. Ng7# 1-0

[Event "Open Olimpico A Maggio"]
[Site "Torino ITA"]
[Date "2006.05.24"]
[Round "3"]
[White "Malano, Francesco"]
[Black "Leoni, Alessandro"]
[Result "1-0"]
[WhiteElo "2032"]
[BlackElo "1835"]
[PlyCount "145"]
[EventDate "2006.05.22"]

1. f4 d5 2. Nf3 Nf6 3. e3 g6 4. b3 Bg7 5. Bb2 O-O 6. d3 c5 7. h3 Nc6 8. Nbd2
Nh5 9. Bxg7 Kxg7 10. g4 Ng3 11. Rg1 Nxf1 12. Nxf1 Qa5+ 13. Qd2 Qxd2+ 14. Kxd2
Rh8 15. Ng3 h5 16. f5 hxg4 17. hxg4 Bd7 18. e4 Nd4 19. Nxd4 cxd4 20. Rh1 dxe4
21. dxe4 Bc6 22. Kd3 Rxh1 23. Rxh1 Rd8 24. a4 e5 25. Rh2 b6 26. g5 Rc8 27. f6+
Kg8 28. Ne2 Bb7 29. c4 a5 30. Rh4 Rc5 31. Ng3 Rc8 32. Nh1 Rd8 33. Nf2 Bc8 34.
Kd2 Re8 35. Nd3 Ba6 36. Rh1 Bb7 37. Nf2 Bc8 38. Rc1 Bb7 39. Rc2 Rc8 40. Kd3 Ba6
41. Ng4 Rc5 42. Rh2 Bc8 43. Nh6+ Kf8 44. Nf5 Ke8 45. Nd6+ Kd8 46. Nxf7+ Kc7 47.
Nh8 Be6 48. f7 Bxf7 49. Rh7 Kd8 50. Rxf7 Rc6 51. Rg7 Ke8 52. Nxg6 Re6 53. Nxe5
Rxe5 54. Kxd4 Rc5 55. e5 Kf8 56. Rg6 Rc7 57. Rxb6 Kf7 58. c5 Rc8 59. Kc4 Rg8
60. g6+ Ke7 61. Kb5 Kd7 62. g7 Kc7 63. c6 Kc8 64. Rb7 Kd8 65. Rb8+ Kc7 66. Rb7+
Kc8 67. Kxa5 Re8 68. e6 Rd8 69. Kb6 Rg8 70. a5 Re8 71. Rf7 Kd8 72. Kb7 Rxe6 73.
g8=Q+ 1-0

[Event "Open Olimpico A Maggio"]
[Site "Torino ITA"]
[Date "2006.05.24"]
[Round "3"]
[White "Naumkin, Igor"]
[Black "Bohaddoune, Oussama"]
[Result "1-0"]
[WhiteElo "2415"]
[BlackElo "2206"]
[PlyCount "57"]
[EventDate "2006.05.22"]

1. d4 Nf6 2. c4 e6 3. Nf3 b6 4. g3 Bb7 5. Bg2 Be7 6. Nc3 O-O 7. Qc2 d5 8. cxd5
exd5 9. O-O Nbd7 10. Bf4 c6 11. Rad1 Re8 12. Ne5 Nf8 13. e4 Ne6 14. exd5 cxd5
15. Be3 Rc8 16. Qb3 Bf8 17. f4 h6 18. g4 Ba6 19. g5 Bxf1 20. Rxf1 Nh7 21. g6
fxg6 22. Bxd5 Qf6 23. Ne4 Qf5 24. Ng3 Qf6 25. f5 gxf5 26. Rxf5 Qe7 27. Ng6 Qd7
28. Re5 Kf7 29. Rxe6 1-0

[Event "Open Olimpico A Maggio"]
[Site "Torino ITA"]
[Date "2006.05.24"]
[Round "3"]
[White "Saccona, Silvano"]
[Black "Ferretti, Carlo"]
[Result "1/2-1/2"]
[WhiteElo "2162"]
[BlackElo "1991"]
[PlyCount "29"]
[EventDate "2006.05.22"]

1. e4 e5 2. Nf3 Nf6 3. d4 Nxe4 4. Bd3 d5 5. Nxe5 Nd7 6. Nf3 Ndf6 7. O-O Bd6 8.
c4 c6 9. Nc3 O-O 10. Qc2 Re8 11. Be3 Bg4 12. Be2 dxc4 13. Nxe4 Nxe4 14. Qxc4
Qc7 15. h3 1/2-1/2

[Event "Open Olimpico A Maggio"]
[Site "Torino ITA"]
[Date "2006.05.24"]
[Round "3"]
[White "Salvador, Roland"]
[Black "Messina, Marco"]
[Result "1-0"]
[WhiteElo "2396"]
[BlackElo "2034"]
[PlyCount "79"]
[EventDate "2006.05.22"]

1. d4 d5 2. Nf3 c6 3. c4 Nf6 4. Nc3 dxc4 5. g3 Bf5 6. Bg2 Nbd7 7. O-O e6 8. a4
Be7 9. Nd2 e5 10. Nxc4 exd4 11. Qxd4 O-O 12. Rd1 Bc2 13. Rd2 Bc5 14. Qf4 Bb3
15. Ne5 Qe7 16. Nxd7 Nxd7 17. Ne4 Nb6 18. Nxc5 Qxc5 19. Rd3 Nd5 20. Qd2 Bc4 21.
Qc2 b6 22. Rd2 Rfe8 23. b3 Ba6 24. Qxc5 bxc5 25. Ba3 c4 26. bxc4 Bxc4 27. Rc1
Bb3 28. Rxc6 Nb6 29. Rc3 Bxa4 30. Bxa8 Rxa8 31. Bc5 h6 32. Ra2 Rc8 33. Bd4 Rxc3
34. Bxc3 Nd5 35. Rxa4 Nxc3 36. Rc4 Nb5 37. e3 Kf8 38. Rc5 Nd6 39. Rc7 a5 40.
Rc5 1-0

[Event "Open Olimpico A Maggio"]
[Site "Torino ITA"]
[Date "2006.05.24"]
[Round "3"]
[White "Sardo, Gabriele"]
[Black "Vehi Bach, Victor Manuel"]
[Result "0-1"]
[WhiteElo "2186"]
[BlackElo "2335"]
[PlyCount "120"]
[EventDate "2006.05.22"]

1. c4 c5 2. Nc3 g6 3. Nf3 Bg7 4. e3 Nf6 5. Be2 O-O 6. O-O Nc6 7. d4 cxd4 8.
exd4 d5 9. h3 Be6 10. c5 Ne4 11. Na4 Qa5 12. a3 b5 13. Nc3 b4 14. Nb1 Bf5 15.
Nbd2 Qc7 16. Nb3 bxa3 17. Rxa3 Rab8 18. Be3 Rb4 19. Qa1 Rfb8 20. Na5 Nxd4 21.
Nxd4 Bxd4 22. Bxd4 Rxd4 23. Nb3 Rxb3 24. Rxb3 Nd2 25. Rc3 Nxf1 26. Bxf1 Rb4 27.
c6 d4 28. Rc5 d3 29. Qc1 Rd4 30. Qd2 Rd6 31. Rc3 Rxc6 32. g4 Rxc3 33. bxc3 Be4
34. Qe3 Bb7 35. Qxd3 Qc6 36. Kh2 Qd6+ 37. Qxd6 exd6 38. g5 Bd5 39. Ba6 f6 40.
f4 Kf7 41. Kg3 Ke7 42. Kf2 fxg5 43. fxg5 Ke6 44. h4 Kf5 45. Kg3 Ke4 46. Kg4
Be6+ 47. Kg3 Ke3 48. Bb5 a5 49. Ba4 Kd3 50. Kf4 Kxc3 51. Ke3 d5 52. Kf4 d4 53.
Ke5 Bb3 54. Bxb3 Kxb3 55. Kxd4 a4 56. Ke5 a3 57. Kf6 a2 58. Kg7 a1=Q+ 59. Kxh7
Qb1 60. Kh6 Qf5 0-1

[Event "Open Olimpico A Maggio"]
[Site "Torino ITA"]
[Date "2006.05.24"]
[Round "3"]
[White "Sellitti, Federico"]
[Black "Pieri, Enzo"]
[Result "1-0"]
[WhiteElo "2124"]
[BlackElo "1940"]
[PlyCount "81"]
[EventDate "2006.05.22"]

1. e4 c5 2. f4 e6 3. Nf3 Nc6 4. Bb5 a6 5. Bxc6 bxc6 6. O-O Nf6 7. d3 Be7 8. Nc3
O-O 9. Qe1 d5 10. h3 h6 11. g4 Nh7 12. Qg3 g5 13. f5 exf5 14. gxf5 d4 15. Ne2
f6 16. h4 Bd6 17. Qg4 Qe7 18. hxg5 fxg5 19. Qh5 Rf6 20. Kf2 Bd7 21. Rh1 Raf8
22. Ke1 Be8 23. Qg4 R8f7 24. Kd1 Rg7 25. Ng3 h5 26. Nxh5 Rh6 27. f6 Nxf6 28.
Nxf6+ Qxf6 29. Rxh6 Qxh6 30. Ke1 Qh1+ 31. Ke2 Bh5 32. Bd2 Qxa1 33. Qxh5 Bf4 34.
Bxf4 gxf4 35. Ng5 Rxg5 36. Qxg5+ Kh7 37. Qe7+ Kg8 38. Qe8+ Kh7 39. Qxc6 Qg1 40.
Qc7+ Kg8 41. Qxf4 1-0

[Event "Open Olimpico A Maggio"]
[Site "Torino ITA"]
[Date "2006.05.24"]
[Round "3"]
[White "Zangrando, Gianpietro"]
[Black "Conti, Marco"]
[Result "1-0"]
[WhiteElo "1939"]
[BlackElo "1402"]
[PlyCount "38"]
[EventDate "2006.05.22"]

1. Nf3 Nc6 2. d4 d5 3. Bf4 e6 4. e3 Nf6 5. c3 Bd6 6. Bg5 O-O 7. Bd3 Be7 8. Qc2
Ne4 9. Bxe7 Qxe7 10. Bxe4 dxe4 11. Qxe4 f5 12. Qf4 h6 13. h4 Qd6 14. Nbd2 Qxf4
15. exf4 b6 16. O-O Ne7 17. Rfe1 Rf6 18. Ne5 Bb7 19. Re2 Rd8 1-0